Sudden Death: Best Picture Oscars, 1980s - Statistics

General Stats
  • This quiz has been taken 118 times
  • The average score is 6 of 10
Answers on the Grid
Answers color-coded by a green-red scale on the quiz's grid according to % correct below.
Ordinary People
Chariots of Fire
Gandhi
Terms of Endearment
Amadeus
Out of Africa
Platoon
The Last Emperor
Rain Man
Driving Miss Daisy
Coal Miner’s Daughter
The Elephant Man
Raging Bull
On Golden Pond
Raiders of the Lost Ark
E.T. the Extra-Terrestrial
Tootsie
The Big Chill
The Right Stuff
The Color Purple
Kiss of the Spider Woman
Prizzi’s Honor
Witness
Children of a Lesser God
Room with a View
Broadcast News
Fatal Attraction
Moonstruck
Dangerous Liaisons
Mississippi Burning
Working Girl
Born on the Fourth of July
Dead Poets Society
Field of Dreams
My Left Foot
Hannah and Her Sisters
 
Answer Stats
Answer % Correct
Driving Miss Daisy
66%
Rain Man
63%
Chariots of Fire
62%
Out of Africa
62%
The Last Emperor
61%
Platoon
59%
Gandhi
58%
Amadeus
56%
Ordinary People
55%
Terms of Endearment
52%
No matching quizzes found
Score Distribution
Percent of People with Each Score
Percentile by Number Answered
Your Score History
You have not taken this quiz